| 000 | 02336cam a2200301 4500 | ||
|---|---|---|---|
| 001 | ABS68853 | ||
| 008 | 111024s2005 000 0 eng u | ||
| 035 | _a(Sirsi) u129119 | ||
| 245 | _aNew agenda for rural planning | ||
| 260 | _c2005 | ||
| 490 |
_aScottish Planner _v (103) February 2005 1(1) |
||
| 520 | _aReports on several new rural planning documents published by the Scottish Executive: "Scottish planning policy 15: planning for rural development" (SPP 15); "Planning advice note 72: housing in the countryside" (PAN 72); and "Planning advice note 73: rural diversification" (PAN 73). SPP 15, which replaces NPPG 15 from 1999, reflects the Executive's policy for rural development originally published in "Rural Scotland: a new approach" in May 2000 (ISBN 0748093893). It proposes that planners take a positive view of the social and economic needs of communities and must create opportunities for sustainable development. Small settlements must not lose their identities as they increase in size nor the Scottish countryside become suburbanised. PAN 72 supports small-scale rural developments. PAN 73, replacing "Planning advice note36: siting and design of new housing in the countryside", from 1991, intends to create more opportunities for good quality rural housing and reinforces the shift towards a place making agenda for rural Scotland. View the documents on www.scotland.gov.uk. | ||
| 590 | _aABS | ||
| 650 | _aRURAL HOUSING | ||
| 650 | _aSCOTLAND | ||
| 650 | _aSPP15 | ||
| 650 | _aPAN72 | ||
| 650 | _aPAN73 | ||
| 650 | _aPAN36 | ||
| 650 | _aRURAL COMMUNITIES | ||
| 690 | _aENVIRONMENTAL AND LAND CONSULTANCY-PLANNING AND DEVELOPMENT | ||
| 856 | 4 | 0 |
_uhttps://www.scotland.gov.uk/Resource/Doc/36496/0026053.pdf _zView SPP15 free of charge at www.scotland.gov.uk |
| 856 | 4 | 0 |
_uhttps://www.scotland.gov.uk/Resource/Doc/83397/0031722.pdf _zView PAN72 Part 1 free of charge at www.scotland.gov.uk |
| 856 | 4 | 0 |
_uhttps://www.scotland.gov.uk/Resource/Doc/83397/0031724.pdf _zView PAN72 Part 2 free of charge at www.scotland.gov.uk |
| 856 | 4 | 0 |
_uhttps://www.scotland.gov.uk/Resource/Doc/83397/0027435.pdf _zView PAN73 Part 1 free of charge at www.scotland.gov.uk |
| 856 | 4 | 0 |
_uhttps://www.scotland.gov.uk/Resource/Doc/83397/0027436.pdf _zView PAN73 Part 2 free of charge at www.scotland.gov.uk |
| 942 | _n0 | ||
| 999 |
_c74958 _d74958 |
||